| 000 -ლიდერი |
| ფიქსირებული სიგრძის საკონტროლო ველი |
00566nam a22001817a 4500 |
| 003 - საკონტროლო ნომრის იდენტიფიკატორი |
| საკონტროლო ველი |
Ge_BSU |
| 005 - ბოლო ოპერაციის თარიღი და დრო |
| საკონტროლო ველი |
20230809112853.0 |
| 008 - ფიქსირებული სიგრძის მონაცემთა ელემენტები - ზოგადი ინფორმაცია |
| ფიქსირებული სიგრძის საკონტროლო ველი |
230809s1981 sp ||||| |||| 00| 0 spa d |
| 020 ## - წიგნის საერთაშორისო სტანდარტული ნომერი |
| International Standard Book Number |
8425313589 |
| 041 ## - ენის კოდი |
| Language code of text/sound track or separate title |
spa |
| 080 ## - უნივერსალური ათობითი კლასიფიკაციის ინდექსი |
| Universal Decimal Classification number |
069 C-41 |
| 100 ## - მთავარი ჩანაწერი - პიროვნების სახელი |
| Personal name |
Cervantes, Maria Antonieta |
| 9 (RLIN) |
19642 |
| 245 ## - ცნობა სათაურის შესახებ |
| Title |
Museo Nacional de Antropologia |
| Statement of responsibility, etc |
Maria Antonieta Cervantes. |
| 264 ## - წარმოების, გამოცემის, დისტრიბუციის და სხვა ცნობები |
| გამოცემის, წარმოების, დისტრიბუციის... ადგილი |
Barcelona : |
| გამოცემის, წარმოების, დისტრიბუციის... სახელწოდება |
Grijalbo, |
| გამოცემის, წარმოების, დისტრიბუციის... თარიღი |
1981. |
| 300 ## - ფიზიკური აღწერა |
| Extent |
31 p.: |
| Other physical details |
ill.; |
| Dimensions |
25 cm. |
| 653 ## - INDEX TERM--UNCONTROLLED |
| Uncontrolled term |
ანთროპოლოგიის ეროვნული მუზეუმი |
| 942 ## - ADDED ENTRY ELEMENTS (KOHA) |
| Source of classification or shelving scheme |
|
| Koha item type |
წიგნი |